000 00313 a2200145 4500
001 164470
020 _a
040 _cMagnum
100 _aLuquini, Joselma
240 1 0 _aJojo e palito: belo, meu amor
_lpor
245 1 0 _aJojo e palito: belo, meu amor
362 0 _a1899
697 _aIJ/CONTOS
942 _cBK
999 _c164470
_d164470